| 000 | 00494nam a22001457a 4500 | ||
|---|---|---|---|
| 082 | _a620.0011 | ||
| 100 | _aJamshed, Zoha | ||
| 245 |
_aSystems Engineering Security Framework for Analyzing and Combating Cyber Threats on Big Data / _cZoha Jamshed |
||
| 260 |
_aIslamabad : _bMCS - NUST, _c2018. |
||
| 300 |
_a140 p. ; _c30cm. |
||
| 650 |
_aSystem Engineering-MS-Thesis _922495 |
||
| 700 |
_aDr. Rabia Latif _935054 |
||
| 942 |
_2ddc _cTHE |
||
| 999 |
_c540876 _d540876 |
||